Science Quiz

Random Science or Clickable Quiz
Score 0/8 Timer 00:30
0 Plays Today
% Correct
an organ that takes in oxygen
65%
part of the colon
60%
opposite of slow
60%
deals w/ digestion
55%
an organ (part of resp. system)
55%
upper torso
55%
your 'windpipe'
55%
something you have to do to live
30%
Remove Ads.
Support Sporcle.
Get the best of Sporcle when you Go Orange. This ad-free experience offers more features, more stats, and more fun while also helping to support Sporcle. Thank you for becoming a member.

You're not logged in!

Compare scores with friends on all Sporcle quizzes.
OR
Log In

Show Comments

Extras

Created Oct 24, 2013ReportNominate
Tags:Clickable Quiz

Top Quizzes Today


Score Distribution

Your Account Isn't Verified!

In order to create a playlist on Sporcle, you need to verify the email address you used during registration. Go to your Sporcle Settings to finish the process.

Report this User

Report this user for behavior that violates our Community Guidelines.

Details: